000 00724nam a2200229Ia 4500
001 9607
003 GE_BSU
008 181216s||||||||xx |||||||||||||| ||und||
040 _cGE_BSU
080 _a821.353.1-32
100 _aმელაშვილი,კოტე
245 _aტყვიის კვალი
245 _bმოთხრობები
245 _cრედ;ჯ.ნიქაბაძე;მხატვ;გ.წერეთელი
260 _aთბილისი.
260 _bსაბჭ.საქართველო
260 _c1975
300 _a122გვ;16სმ.
653 _aმოთხრობები
653 _aტყვიის კვალი
942 _cBK
999 _c42893
_d42893